Tổng quan quy hoạch phát triển kinh tế - xã hội Việt Nam General planning of Vietnam's Socio & Economic Development T.1 (Section I)

Gồm 2 phần: Phần I: Chiến lược phát triển kinh tế - xã hội Việt Nam 2001-2002; Phần II: Tổng quan quy hoạch phát triển kinh tế-xã hội các tỉnh phía Bắc

Wedi'i Gadw mewn:
Manylion Llyfryddiaeth
Fformat: Llyfr
Iaith:Vietnamese
Cyhoeddwyd: H. Chính trị Quốc gia 2002
Cyfres:Hội khoa học kinh tế Việt Nam=Science of Economics Association of Vietnam
Pynciau:
Tagiau: Ychwanegu Tag
Dim Tagiau, Byddwch y cyntaf i dagio'r cofnod hwn!
Thư viện lưu trữ: Mạng thư viện Đại học Đà Nẵng
LEADER 01577nam a2200349 4500
001 000007657
003 3820
005 20111010151018.0
008 111010s2002 viesd
020 |c 200000đ 
041 0 |a vie 
082 |a 330.597  |b Ton 
245 1 0 |a Tổng quan quy hoạch phát triển kinh tế - xã hội Việt Nam  |b General planning of Vietnam's Socio & Economic Development  |n T.1 (Section I) 
260 |a H.  |b Chính trị Quốc gia  |c 2002 
300 |a 1038 tr.  |c 28 cm. 
490 |a Hội khoa học kinh tế Việt Nam=Science of Economics Association of Vietnam 
500 |a ĐTTS: Trung tâm thông tin và tư vấn phát triển=In fo rmation & Development Consultant Center 
520 |a Gồm 2 phần: Phần I: Chiến lược phát triển kinh tế - xã hội Việt Nam 2001-2002; Phần II: Tổng quan quy hoạch phát triển kinh tế-xã hội các tỉnh phía Bắc 
653 |a Kinh tế 
653 |a Xã hội 
773 |t Tổng quan quy hoạch phát triển kinh tế - xã hội Việt Nam  |w 3813 
910 |a Huỳnh Thị Cẩm Lai  |d 10/10/2011 
OWN |a LSP 
AVA |a UDN50  |b LSP  |d 330.597 Ton  |e available  |t Error 5001 Not defined in file expand_doc_bib_avail.  |f 3  |g 0  |h N  |i 0  |k 1 
999 |a From the UDN01 
AVA |a UDN50  |b LSP  |d 330.597 Ton  |e available  |t Error 5001 Not defined in file expand_doc_bib_avail.  |f 3  |g 0  |h N  |i 0  |k 1 
TYP |a Monograph 
TYP |a Printed language 
980 |a Mạng thư viện Đại học Đà Nẵng